La sociedad de las naciones y las naciones de la sociedad: de Ginebra a Dumbarton Oaks
Guardado en:
| Autor principal: | |
|---|---|
| Formato: | Libro |
| Lenguaje: | español |
| Publicado: |
Buenos Aires
El Mundo Nuevo
1945
|
| Materias: | |
| Etiquetas: |
Agregar Etiqueta
Sin Etiquetas, Sea el primero en etiquetar este registro!
|
MARC
| LEADER | 00000nam a2200000 a 4500 | ||
|---|---|---|---|
| 001 | UCT9209 | ||
| 003 | CL-VaPUC | ||
| 008 | 970404e19450000AG |||||||||||||||||spa|d | ||
| 082 | 0 | 4 | |a 341.22 |b NOG |2 21 |
| 100 | |a Nogueira, Julián |e autor |9 381704 | ||
| 245 | 1 | 3 | |a La sociedad de las naciones y las naciones de la sociedad: de Ginebra a Dumbarton Oaks |
| 300 | |a 237 p | ||
| 942 | |c BK | ||
| 945 | |d 19970404 00:00:00 |a cmena | ||
| 260 | |a Buenos Aires |b El Mundo Nuevo |c 1945 | ||
| 650 | 0 | |a Derecho internacional |9 255637 | |
| 650 | 0 | |a Tratados internacionales |9 256056 | |
| 650 | 0 | |a Relaciones Internacionales |9 255740 | |
| 650 | 0 | |a Cooperación internacional |9 255447 | |
| 650 | 0 | |a Política internacional |9 255813 | |
| 650 | 0 | |a Burocracia |9 255511 | |
| 650 | 0 | |a Democracia |9 255256 | |
| 583 | |a last modification |c 19970404 00:00:00 |k Rodrigo Vera | ||
| 999 | |c 257628 |d 257626 | ||
| 952 | |0 0 |1 0 |4 0 |6 341_220000000000000_NOG_1945 |7 0 |8 A |9 281185 |a BIBDER |b BIBDER |d 2019-11-19 |i 1827111 |o 341.22 NOG 1945 |p 1827111 |r 2023-01-25 |w 2019-11-19 |y BK |k DER | ||